00533nam a2200145Ia 4500008004100000020001800041082001200059100003600071245008100107260002300188500002400211942000700235952013000242999001500372260604s9999 xx 000 0 und d a9783031531415 a519 KIV aBjørnar karlsen kivedal935769 0aApplied Statistics and Econometrics: Basic Topics and Tools with Gretl and R bPalgrave Macmillan aStatistics, Economy cBK 00104070aIIMVbIIMVcREFERENCEd2026-06-04g6265.96l0o519 KIVp004216r2026-06-04 10:20:52v6265.96w2026-06-04yBKBKIV c8598d8598